00505nam a22001577a 450000500170000000800410001702000270005804000090008504100120009408200170010610000290012324500850015226000530023730000080029065000490029820260523163612.0260523b |||||||| |||| 00| 0 eng d a9789360282660c3450.00 aMAIN aEnglish a581.634bGAR aGarbyal, Satyawan Singh  aTraditional Plant Wisdom of Dharchula b: The Sacred Kailash Region Uttarakhand  aDehradun bBishan Singh Mahindra Pal Singhc2025 a285 aUttarakhand Collection : Himalaya Collection